Statistická analýza experimentálních dat

Saved in:
Bibliographic Details
Main Authors: Meloun, Milan (Author), Militký, Jiří (Author)
Format: Book
Language:Czech
Published: Praha : Academia, 2004
Subjects:
Tags: Add Tag
No Tags, Be the first to tag this record!

MARC

LEADER 00000nam a22000003a 4500
001 stu100178
005 20260316135837.1
008 051220s2004----xr------------------cze-d
020 |a 80-200-1254-0 
040 |a STU  |b slo 
041 0 |a cze 
044 |a xr 
080 |a 519.21 
080 |a 519.248 
080 |a 53.08 
080 |a 31/St 
084 |a A0250  |2 INS 
100 1 |a Meloun, Milan  |4 aut 
245 1 |a Statistická analýza experimentálních dat 
260 |a Praha :  |b Academia,  |c 2004 
300 |a 187 s 
650 7 |a štatistická analýza  |2 stusub 
650 7 |a spracovanie dát  |2 stusub 
650 7 |a štatistika  |2 stusub 
700 1 |a Militký, Jiří  |4 aut 
996 |b 284EK87073  |c E*87073  |l EE03  |s P  |a 0  |w stu100178_0002 
996 |b 284EK86982  |c E*86982  |l EE12  |s P  |a 0  |w stu100178_0003 
996 |b 284EK85874  |c E*85874  |l EE11  |s P  |a 0  |w stu100178_0004 
996 |b 284M090050  |c M*14928-1  |l MMST  |s A  |a 24  |w stu100178_0005